000 00330nam a2200133Ia 4500
005 20260326100040.0
008 260326s9999||||xx |||||||||||||| ||und||
100 _aCalzada, Andrés
245 0 _aHistoria de la Arquitectura Española /
_cAndrés Calzada
260 _bLabor
300 _a460 p.
650 _aHISTORIA
942 _cBK
999 _c6976
_d6976